Caballeros del Zodiaco de Saint Seiya - Estadísticas

Estadísticas generales
  • Esta prueba ha sido intentada 24 veces
  • La puntuación promedio es 16 de 33
Estadísticas de respuestas
Constelacion Respuesta % Correcto
Pegaso Seiya
100%
Fenix Ikki
93%
Leo Aioria
87%
Sagitario Aioros
87%
Piscis Afrodita
80%
Tauro Aldebaran
80%
Acuario Camus
80%
Cisne Hyoga
80%
Aries Mu
80%
Geminis Saga
80%
Andromeda Shun
80%
Virgo Shaka
73%
Capricornio Shura
73%
Escorpio Milo
67%
Dragon Shyriu
60%
Cancer Mascara de Muerte
53%
Libra Dokho
47%
Unicornio Jabu
40%
Ofiuco Shaina
40%
Agila Marin
33%
Lagarto Misty
33%
Lyra Orfeo
33%
Ballena Moses
27%
Perro de Caza Asterion
20%
Leon Menor Ban
20%
Perseo Algol
13%
Cefeo Daidalos
13%
Oso Geki
13%
Hidra Ichi
13%
Camaleon June
13%
Lobo Nachi
13%
Mosca Dio
7%
Cuervo Jamian
7%
No se encontraron pruebas coincidentes
Distribución de puntuación
Porcentaje de gente con cada puntuación
Porcentaje por número respondido
Historial de tus puntuaciones
No has intentado esta prueba.